[Event "30th Rilton Cup"]
[Site "Stockholm SWE"]
[Date "2001.01.03"]
[Round "7.6"]
[White "Hillarp Persson, Tiger"]
[Black "Ernst, Thomas"]
[Result "0-1"]
[WhiteElo "2520"]
[BlackElo "2419"]
[EventDate "2000.12.27"]
[PlyCount "110"]

1.Nf3 c5 2.e4 d6 3.c3 Nf6 4.Be2 g6 5.O-O Bg7 6.Re1 O-O 7.Bf1 e5 8.d4 exd4 
9.cxd4 Bg4 10.d5 Re8 11.Nc3 a6 12.h3 Bxf3 13.Qxf3 Nbd7 14.a4 Rc8 15.a5 c4 
16.Bg5 Qc7 17.Qf4 Nh5 18.Qd2 Nc5 19.Qc2 Nb3 20.Ra3 Nxa5 21.g4 Nf6 22.e5 
Nb3 23.Qd1 Rxe5 24.Rxe5 dxe5 25.Bxc4 Nd4 26.Bf1 Ne8 27.Ne4 Qd7 28.Rc3 h6 
29.Be3 Rb8 30.Bg2 Nd6 31.Nc5 Qe7 32.Rc1 N6b5 33.Kh1 Kh7 34.Ne4 Rd8 35.Qe1 
Kh8 36.Nc3 Re8 37.Nxb5 Nxb5 38.Qd2 Kh7 39.Bc5 Qd7 40.Be3 e4 41.Rc4 Nd6 42.
Rc2 f5 43.Bf4 Nb5 44.gxf5 Qxf5 45.Rc4 Rd8 46.Bxe4 Qxh3+ 47.Kg1 Qg4+ 48.Kf1
Nd6 49.Bxd6 Rxd6 50.Qd3 h5 51.Rc7 Qf4 52.Qd4 Rf6 53.Rxb7 Kh6 54.Ke2 g5 55.
Rd7 Qg4+ 0-1

[Event "30th Rilton Cup"]
[Site "Stockholm SWE"]
[Date "2001.01.03"]
[Round "7.7"]
[White "Ahlander, Bjoern"]
[Black "Ivanov, Sergei"]
[Result "1-0"]
[WhiteElo "2424"]
[BlackElo "2570"]
[EventDate "2000.12.27"]
[PlyCount "87"]

1.d4 d5 2.c4 c6 3.Nc3 Nf6 4.Nf3 e6 5.Bg5 dxc4 6.e4 b5 7.e5 h6 8.Bh4 g5 9.
Nxg5 hxg5 10.Bxg5 Nbd7 11.exf6 Bb7 12.g3 Qb6 13.Bg2 O-O-O 14.O-O Bh6 15.
Ne4 c5 16.Bxh6 Rxh6 17.dxc5 Nxc5 18.Qc2 Bxe4 19.Bxe4 Rxf6 20.Bg2 Rd4 21.b3
Qd6 22.bxc4 bxc4 23.Rab1 Kd8 24.Rb4 Rd2 25.Qc3 Ke7 26.Rxc4 Rf5 27.a3 a6 
28.Qh8 Rd1 29.Qh4+ Kd7 30.Rxd1 Qxd1+ 31.Bf1 Kc6 32.Qe4+ Rd5 33.Qe3 Kd6 34.
Qc3 Nd7 35.Qb4+ Ke5 36.Rf4 f5 37.Qc3+ Kd6 38.Rc4 Nc5 39.Qb4 Kc6 40.h4 Qa1 
41.a4 f4 42.gxf4 Qg7+ 43.Bg2 Qg4 44.Qxc5+ 1-0

[Event "30th Rilton Cup"]
[Site "Stockholm SWE"]
[Date "2001.01.03"]
[Round "7.10"]
[White "Hector, Jonny"]
[Black "Holmsten, Aleksei"]
[Result "1-0"]
[WhiteElo "2499"]
[BlackElo "2408"]
[EventDate "2000.12.27"]
[PlyCount "80"]

1.e4 c5 2.Nf3 e6 3.d4 cxd4 4.Nxd4 Nf6 5.Nc3 Nc6 6.Nxc6 bxc6 7.e5 Nd5 8.Ne4
Qc7 9.f4 Qb6 10.c4 Bb4+ 11.Ke2 f5 12.Nf2 Ba6 13.Kf3 Nc7 14.Be3 Bc5 15.Bxc5
Qxc5 16.Qd6 Qb6 17.Rd1 O-O-O 18.Qa3 c5 19.Rd6 Bb7+ 20.Ke3 Bc6 21.Be2 g5 
22.Rhd1 gxf4+ 23.Kxf4 Ne8 24.Bf3 Nxd6 25.Rxd6 Rdg8 26.Nd3 Rg7 27.Ke3 Rhg8 
28.g3 f4+ 29.gxf4 Rg2 30.Bxc6 dxc6 31.Qxc5 Qxc5+ 32.Nxc5 Rxh2 33.Rxc6+ Kb8
34.Rxe6 h5 35.Rh6 h4 36.f5 Rg4 37.Ne4 Rh3+ 38.Kd4 Rf3 39.Kd5 Rd3+ 40.Kc6 
Rd8 1-0

[Event "30th Rilton Cup"]
[Site "Stockholm SWE"]
[Date "2001.01.03"]
[Round "7.12"]
[White "Medvegy, Nora"]
[Black "Salmensuu, Olli"]
[Result "0-1"]
[WhiteElo "2339"]
[BlackElo "2467"]
[EventDate "2000.12.27"]
[PlyCount "72"]

1.e4 e6 2.d4 d5 3.Nc3 Nf6 4.Bg5 Bb4 5.e5 h6 6.Bd2 Bxc3 7.bxc3 Ne4 8.Qg4 
Kf8 9.Bd3 Nxd2 10.Kxd2 c5 11.dxc5 Nd7 12.Nf3 Nxc5 13.Qd4 b6 14.h4 Ba6 15.
Qb4 Kg8 16.a4 Rc8 17.Ra3 Bc4 18.Ke3 Nb7 19.Nd2 Na5 20.f4 Nc6 21.Qb2 Bxd3 
22.cxd3 Kh7 23.Nf3 f6 24.Raa1 Rf8 25.d4 Kg8 26.Qc2 fxe5 27.fxe5 Qe8 28.h5 
Qf7 29.Rh4 Ne7 30.Kd2 Nf5 31.Rh3 Ng3 32.Kc1 Rxc3 33.Qxc3 Ne2+ 34.Kd2 Nxc3 
35.Kxc3 Rc8+ 36.Kb2 Qc7 0-1

[Event "30th Rilton Cup"]
[Site "Stockholm SWE"]
[Date "2001.01.03"]
[Round "7.15"]
[White "Nybaeck, Tomi"]
[Black "Berg, Emanuel"]
[Result "1-0"]
[WhiteElo "2195"]
[BlackElo "2452"]
[EventDate "2000.12.27"]
[PlyCount "79"]

1.Nf3 f5 2.c4 Nf6 3.Nc3 g6 4.g3 Bg7 5.Bg2 d6 6.O-O O-O 7.d3 e5 8.Bd2 h6 9.
Ne1 c6 10.f4 Ng4 11.Nc2 Be6 12.e3 Nd7 13.b4 g5 14.h3 gxf4 15.hxg4 fxg3 16.
Rxf5 Bxf5 17.gxf5 Qh4 18.e4 Nf6 19.Qf3 d5 20.Be1 dxe4 21.Nxe4 Qh2+ 22.Kf1 
Nh5 23.Ne3 Rad8 24.Rd1 Rd4 25.Bc3 Rd7 26.Ng4 Qh4 27.Nxe5 Bxe5 28.Bxe5 Rxf5
29.Qxf5 Rf7 30.Nf6+ Nxf6 31.Ke2 Qh2 32.Qf3 Nh5 33.Qg4+ Kh7 34.Qe4+ Kg8 35.
Qg6+ Kf8 36.Bd6+ Ke8 37.Qg8+ Kd7 38.Qxf7+ Kxd6 39.c5+ Ke5 40.d4# 1-0

[Event "30th Rilton Cup"]
[Site "Stockholm SWE"]
[Date "2001.01.03"]
[Round "7.19"]
[White "Hermansson, Emil"]
[Black "Bromann, Thorbjoern"]
[Result "1/2-1/2"]
[WhiteElo "2379"]
[BlackElo "2261"]
[EventDate "2000.12.27"]
[PlyCount "85"]

1.e4 e6 2.d4 d5 3.Nd2 c5 4.exd5 Qxd5 5.Ngf3 cxd4 6.Bc4 Qd6 7.O-O Nf6 8.Nb3
Nc6 9.Nbxd4 Nxd4 10.Nxd4 a6 11.Bb3 Qc7 12.Re1 Bd6 13.Nf5 Bxh2+ 14.Kh1 O-O 
15.Nxg7 Rd8 16.Qf3 Kxg7 17.Bh6+ Kg6 18.c3 Nh5 19.Bc1 Bf4 20.g4 Ng3+ 21.
fxg3 Bxc1 22.Raxc1 b6 23.Bc2+ Kg7 24.Be4 Ra7 25.Rc2 Bb7 26.Rf2 Bxe4 27.
Rxe4 Qe7 28.Qe3 Qc5 29.Qf4 Rd1+ 30.Kh2 Rad7 31.b4 Qc6 32.Qf6+ Kg8 33.Qg5+ 
Kf8 34.Qh6+ Kg8 35.Qg5+ Kf8 36.Qe5 Kg8 37.Qb8+ Kg7 38.Qe5+ Kg8 39.c4 R1d2 
40.Qg5+ Kf8 41.Rxd2 Qxe4 42.c5 Qe1 43.Rxd7 1/2-1/2

[Event "30th Rilton Cup"]
[Site "Stockholm SWE"]
[Date "2001.01.03"]
[Round "7.20"]
[White "Engqvist, Thomas"]
[Black "Bjarnehag, Peter"]
[Result "0-1"]
[WhiteElo "2366"]
[BlackElo "2211"]
[EventDate "2000.12.27"]
[PlyCount "84"]

1.Nf3 c5 2.c4 Nc6 3.d4 cxd4 4.Nxd4 Nf6 5.Nc3 e6 6.Ndb5 d6 7.Bf4 e5 8.Bg5 
a6 9.Bxf6 gxf6 10.Na3 f5 11.g3 Bg7 12.Qd2 O-O 13.Rd1 Qa5 14.Nd5 Qxd2+ 15.
Rxd2 Be6 16.Nb6 Rad8 17.Bg2 e4 18.O-O Bd4 19.Nd5 b5 20.e3 bxc4 21.Rxd4 
Nxd4 22.Ne7+ Kg7 23.exd4 d5 24.Nc6 Rd6 25.Na5 Rb6 26.b3 cxb3 27.Nxb3 Rb4 
28.Nc2 Ra4 29.a3 Rc8 30.Nc5 Rc4 31.Ne3 Rxd4 32.Nxa6 Ra4 33.Nb4 d4 34.Nec2 
d3 35.Ne3 Rxa3 36.f3 d2 37.Kf2 Rc1 38.Ke2 Rxe3+ 39.Kxd2 Rxf1 40.Kxe3 Re1+ 
41.Kd2 Rg1 42.Bh3 Rh1 0-1

[Event "30th Rilton Cup"]
[Site "Stockholm SWE"]
[Date "2001.01.03"]
[Round "7.21"]
[White "Keskinen, Sauli"]
[Black "Sjoeberg, Mats"]
[Result "0-1"]
[WhiteElo "2237"]
[BlackElo "2351"]
[EventDate "2000.12.27"]
[PlyCount "140"]

1.e4 c5 2.Nc3 Nc6 3.g3 g6 4.Bg2 Bg7 5.d3 e6 6.Be3 Nd4 7.f4 Ne7 8.Nf3 d6 9.
O-O O-O 10.e5 Nef5 11.Bf2 Rb8 12.Ne4 dxe5 13.Nxe5 f6 14.Nc4 b6 15.g4 Ne7 
16.Ned6 Bd7 17.c3 Nb5 18.f5 Nxd6 19.Nxd6 Bc6 20.Bg3 Bxg2 21.Kxg2 Nc8 22.
Nf7 Qd5+ 23.Qf3 Qxf3+ 24.Rxf3 e5 25.g5 Kxf7 26.gxf6 Bxf6 27.fxg6+ Kxg6 28.
Bxe5 Rb7 29.Kh1 Rbf7 30.Rg1+ Bg5 31.Rxf7 Rxf7 32.h4 h6 33.hxg5 hxg5 34.Kg2
Ne7 35.Re1 Nf5 36.d4 Nh4+ 37.Kg3 Kh5 38.Re2 Rf3+ 39.Kh2 Kg4 40.d5 Rf5 41.
Bb8 Rxd5 42.Bxa7 Kf3 43.Rc2 Nf5 44.c4 Rd6 45.Bb8 Re6 46.a3 g4 47.Rc3+ Ne3 
48.b4 Rc6 49.b5 g3+ 50.Kg1 Rh6 51.Rb3 Rh2 52.a4 Rg2+ 53.Kh1 Rh2+ 54.Kg1 
Rg2+ 55.Kh1 Ra2 56.Bxg3 Rxa4 57.Bc7 Ra1+ 58.Kh2 Ra2+ 59.Kh3 Ra7 60.Rxe3+ 
Kxe3 61.Bxb6 Rh7+ 62.Kg4 Kd4 63.Bd8 Kxc4 64.b6 Kb5 65.Bc7 Kc6 66.Kf3 Re7 
67.Bd8 Re8 68.Bc7 c4 69.Bf4 c3 70.b7 Kxb7 0-1

[Event "30th Rilton Cup"]
[Site "Stockholm SWE"]
[Date "2001.01.03"]
[Round "7.29"]
[White "Buervenich, Silvia"]
[Black "Hedman, Erik"]
[Result "0-1"]
[WhiteElo "2178"]
[BlackElo "2323"]
[EventDate "2000.12.27"]
[PlyCount "68"]

1.e4 e6 2.d4 d5 3.Nd2 Nf6 4.e5 Nfd7 5.Bd3 c5 6.c3 Nc6 7.Ne2 cxd4 8.cxd4 f6
9.exf6 Nxf6 10.Nf3 Qc7 11.O-O Bd6 12.Nc3 a6 13.Bg5 O-O 14.Bh4 Nh5 15.Bg3 
Nxg3 16.hxg3 g6 17.Rc1 Qg7 18.Bb1 g5 19.Ne2 g4 20.Ne1 Bd7 21.Nc2 Rf7 22.
Qd2 Raf8 23.Ne3 Kh8 24.Rcd1 Bb8 25.Nc1 Ba7 26.Nb3 Bb6 27.a3 a5 28.Nc2 e5 
29.Qc3 a4 30.Nc5 exd4 31.Nxd4 Nxd4 32.Rxd4 Rc8 33.Nxd7 Rxc3 34.Re1 Qxd4 
0-1

[Event "30th Rilton Cup"]
[Site "Stockholm SWE"]
[Date "2001.01.03"]
[Round "7.33"]
[White "Lindberg, Bosse"]
[Black "Aengskog, Kent"]
[Result "1/2-1/2"]
[WhiteElo "2159"]
[BlackElo "2264"]
[EventDate "2000.12.27"]
[PlyCount "83"]

1.e4 g6 2.d4 Bg7 3.c4 d6 4.Nc3 Nf6 5.f3 a6 6.Be3 c6 7.a4 O-O 8.Qd2 Qa5 9.
Rb1 c5 10.d5 e6 11.Bd3 Nbd7 12.Nge2 Ne5 13.O-O exd5 14.cxd5 Bd7 15.b3 b5 
16.Bc2 Rab8 17.h3 b4 18.Nd1 Bc8 19.Nb2 Re8 20.g4 Qc7 21.f4 Nexg4 22.hxg4 
Nxe4 23.Bxe4 Rxe4 24.g5 Bf5 25.Nc4 Rxc4 26.bxc4 Bxb1 27.Rxb1 Qd7 28.Qd1 
Re8 29.Kf2 Qh3 30.Qd2 Bc3 31.Nxc3 bxc3 32.Qxc3 Qh2+ 33.Kf1 Qh3+ 34.Ke2 
Qg2+ 35.Kd1 Qf3+ 36.Kd2 Qg2+ 37.Kc1 Qh1+ 38.Kc2 Qe4+ 39.Qd3 Qxe3 40.Qxe3 
Rxe3 41.Rb6 Re4 42.Kd3 1/2-1/2

[Event "30th Rilton Cup"]
[Site "Stockholm SWE"]
[Date "2001.01.03"]
[Round "7.35"]
[White "Jiretorn, Eva"]
[Black "Loegdahl, Harald"]
[Result "1-0"]
[WhiteElo "2107"]
[BlackElo "2252"]
[EventDate "2000.12.27"]
[PlyCount "98"]

1.d4 f5 2.Nc3 Nf6 3.Bg5 d5 4.f3 g6 5.Qd2 Bg7 6.O-O-O Nbd7 7.Nh3 Nb6 8.Bh6 
O-O 9.Bxg7 Kxg7 10.b3 a5 11.a4 c6 12.Nf2 Qd6 13.Nd3 Nbd7 14.Qf4 Nh5 15.
Qxd6 exd6 16.e4 dxe4 17.fxe4 Nb6 18.e5 dxe5 19.Nxe5 Be6 20.Be2 Nf6 21.Bf3 
Rfd8 22.Ne2 Bg8 23.c4 Nbd7 24.Nxd7 Rxd7 25.Nc3 Rad8 26.Rhe1 Kf8 27.Re5 
Rxd4 28.Rxd4 Rxd4 29.Rxa5 h5 30.Ra7 Rd7 31.a5 g5 32.a6 bxa6 33.Rxa6 f4 34.
Bxc6 Rd3 35.Kc2 Rd4 36.Bb7 Ng4 37.Nb5 Ne3+ 38.Kc3 Rd1 39.Rg6 Rc1+ 40.Kb4 
Bxc4 41.bxc4 Rxc4+ 42.Kb3 g4 43.Rh6 Rc5 44.Nd4 Rc1 45.Ne6+ Kf7 46.Nxf4 Kg7
47.Re6 Nf1 48.Nxh5+ Kf7 49.Bd5 Nxh2 1-0

[Event "30th Rilton Cup"]
[Site "Stockholm SWE"]
[Date "2001.01.03"]
[Round "7.47"]
[White "Norqvist, Joergen"]
[Black "Nyysti, Sampsa"]
[Result "1-0"]
[WhiteElo "2098"]
[BlackElo "2260"]
[EventDate "2000.12.27"]
[PlyCount "98"]

1.e4 c5 2.Nf3 e6 3.d4 cxd4 4.Nxd4 a6 5.Nc3 b5 6.Bd3 Qb6 7.Nb3 Qc7 8.Qe2 
Bb7 9.f4 d6 10.Be3 Nd7 11.Nd1 Ngf6 12.Nf2 Be7 13.c3 O-O 14.O-O Rfe8 15.a4 
bxa4 16.Rxa4 Nb6 17.Ra2 d5 18.e5 Ne4 19.Na5 Nxf2 20.Bxf2 Nc4 21.Nxc4 dxc4 
22.Bxc4 Qc6 23.Bd4 g6 24.b4 Red8 25.Rd1 Rd7 26.b5 Qc8 27.bxa6 Bd5 28.Bxd5 
Rxd5 29.Kh1 Qc6 30.Rb1 h5 31.h3 Bf8 32.Rb6 Qc8 33.a7 Qc7 34.Rb1 Bc5 35.Qb2
Rdd8 36.Qb7 Qxb7 37.Rxb7 Bxd4 38.cxd4 h4 39.Rc2 Kg7 40.Rcc7 Rf8 41.Kg1 g5 
42.f5 exf5 43.d5 Kg6 44.d6 g4 45.d7 g3 46.Kf1 f4 47.Ke2 Kf5 48.Rc8 Rfxc8 
49.dxc8=Q+ Ke4 1-0

[Event "30th Rilton Cup"]
[Site "Stockholm SWE"]
[Date "2001.01.04"]
[Round "8.3"]
[White "Yakovich, Yury"]
[Black "Gleizerov, Evgeny"]
[Result "1-0"]
[WhiteElo "2547"]
[BlackElo "2569"]
[EventDate "2000.12.27"]
[PlyCount "77"]

1.d4 e6 2.c4 f5 3.Nc3 Nf6 4.Qc2 Bb4 5.e3 O-O 6.Bd3 d6 7.Ne2 Nc6 8.O-O Bxc3
9.Qxc3 a5 10.b3 e5 11.Ba3 Re8 12.d5 Ne7 13.f4 b5 14.fxe5 b4 15.Qd2 dxe5 
16.Bb2 Qd6 17.Ng3 g6 18.Qf2 Nd7 19.Ne4 Qb6 20.Rac1 c5 21.Ng5 Qd6 22.Qh4 
Nf6 23.Nf3 e4 24.Bxf6 exf3 25.Rxf3 Nc6 26.Bxf5 Ne5 27.Rh3 Ra7 28.Bxc8 Rxc8
29.Rf1 Rf8 30.Bxe5 Rxf1+ 31.Kxf1 Qxe5 32.Rf3 Qa1+ 33.Kf2 Ra8 34.d6 Qxa2+ 
35.Kg3 Qa1 36.Qe7 Qg7 37.Qe6+ Kh8 38.d7 Rg8 39.Qe8 1-0

[Event "30th Rilton Cup"]
[Site "Stockholm SWE"]
[Date "2001.01.04"]
[Round "8.4"]
[White "Gyimesi, Zoltan"]
[Black "Agrest, Evgenij"]
[Result "1-0"]
[WhiteElo "2539"]
[BlackElo "2545"]
[EventDate "2000.12.27"]
[PlyCount "135"]

1.d4 d6 2.e4 Nf6 3.Nc3 g6 4.Be3 c6 5.f3 b5 6.Qd2 Nbd7 7.g4 Nb6 8.h4 h5 9.
g5 Nfd7 10.b3 Bg7 11.f4 Bb7 12.Rd1 Qc7 13.Bg2 a6 14.Nge2 d5 15.O-O dxe4 
16.Nxe4 Nd5 17.c4 Nxe3 18.Qxe3 e6 19.d5 cxd5 20.cxd5 Bxd5 21.Nf6+ Kf8 22.
Bxd5 exd5 23.Nxd5 Qa7 24.f5 gxf5 25.Rxf5 Qxe3+ 26.Nxe3 Ne5 27.Nd4 Kg8 28.
Nf3 Ng4 29.Nf1 Bc3 30.Rd7 Rh7 31.Rc5 Ba5 32.Rc6 Rg7 33.Ng3 Rg6 34.Rc1 Bb6+
35.Kg2 Re6 36.Nxh5 Ne3+ 37.Kh3 Nf5 38.Rc3 Bf2 39.Rcd3 Rf8 40.Rd8 Bb6 41.
Nf6+ Kg7 42.Rxf8 Kxf8 43.Nd7+ Kg7 44.Rd5 Ne7 45.Re5 Rxe5 46.Nfxe5 Bd8 47.
h5 Nd5 48.h6+ Kg8 49.Kg4 Be7 50.Kf5 Ne3+ 51.Kf4 Ng2+ 52.Kf3 Nh4+ 53.Kg4 
Ng6 54.Nc6 Ba3 55.Kf5 Nh4+ 56.Kg4 Ng6 57.b4 Bc1 58.Ncb8 Nf4 59.Nf6+ Kh8 
60.Nxa6 Nd3 61.Nc7 Ba3 62.Nfd5 Nxb4 63.Nxb4 Bxb4 64.Nxb5 Kg8 65.Kf5 Bd2 
66.Nd6 Bb4 67.Nc4 Kf8 68.a4 1-0

[Event "30th Rilton Cup"]
[Site "Stockholm SWE"]
[Date "2001.01.04"]
[Round "8.5"]
[White "Cramling, Pia"]
[Black "Aakesson, Ralf"]
[Result "1-0"]
[WhiteElo "2505"]
[BlackElo "2465"]
[EventDate "2000.12.27"]
[PlyCount "71"]

1.d4 d5 2.c4 e6 3.Nf3 Nf6 4.Nc3 Be7 5.Bg5 O-O 6.e3 h6 7.Bxf6 Bxf6 8.Qb3 c6
9.Rd1 g6 10.Bd3 Bg7 11.O-O Nd7 12.Qc2 Qe7 13.a3 b6 14.cxd5 cxd5 15.Ne2 Qd6
16.Rc1 Rd8 17.Rfd1 Nf6 18.Ne5 Bd7 19.Nc3 Ne8 20.f4 Rac8 21.Ba6 Rc7 22.Qb3 
Qf8 23.Bb5 Bxe5 24.fxe5 f6 25.Rf1 Qg7 26.exf6 Nxf6 27.Bd3 Rf8 28.Qb4 Be8 
29.Qd6 Re7 30.Ne2 g5 31.Rc8 Bd7 32.Rxf8+ Qxf8 33.Qe5 Kg7 34.h4 gxh4 35.Nf4
Qf7 36.Nh5+ 1-0

[Event "30th Rilton Cup"]
[Site "Stockholm SWE"]
[Date "2001.01.04"]
[Round "8.6"]
[White "Ionov, Sergei"]
[Black "Nybaeck, Tomi"]
[Result "1-0"]
[WhiteElo "2503"]
[BlackElo "2195"]
[EventDate "2000.12.27"]
[PlyCount "46"]

1.d4 Nf6 2.c4 c5 3.d5 b5 4.cxb5 g6 5.Nc3 a6 6.e4 d6 7.bxa6 Bg7 8.Nf3 O-O 
9.Be2 Bxa6 10.O-O Nbd7 11.Bxa6 Rxa6 12.Re1 Nb6 13.Bg5 Qa8 14.b3 e6 15.dxe6
fxe6 16.Rc1 d5 17.exd5 exd5 18.a4 Nbd7 19.Re7 Rb6 20.Nxd5 Qxd5 21.Qxd5+ 
Nxd5 22.Rxd7 Nc3 23.Rxg7+ Kxg7 1-0

[Event "30th Rilton Cup"]
[Site "Stockholm SWE"]
[Date "2001.01.04"]
[Round "8.7"]
[White "Salmensuu, Olli"]
[Black "Hector, Jonny"]
[Result "1/2-1/2"]
[WhiteElo "2467"]
[BlackElo "2499"]
[EventDate "2000.12.27"]
[PlyCount "112"]

1.e4 e5 2.Nc3 Nf6 3.f4 d5 4.exd5 Nxd5 5.Nxd5 Qxd5 6.fxe5 Qxe5+ 7.Qe2 Qxe2+
8.Bxe2 Bf5 9.d3 Nc6 10.Nf3 O-O-O 11.Be3 Bd6 12.c3 Rhe8 13.Kf2 Ne7 14.Nh4 
Bd7 15.g3 h6 16.Rhe1 g5 17.Ng2 Nd5 18.Bd2 f5 19.Bf3 Nf6 20.Rxe8 Bxe8 21.
Ne3 f4 22.Nf5 fxg3+ 23.hxg3 Bf8 24.d4 c5 25.Rh1 g4 26.Bg2 Bg6 27.Nxh6 cxd4
28.cxd4 Rxd4 29.Rc1+ Kd7 30.Be3 Ne4+ 31.Kg1 Bxh6 32.Bxh6 Nxg3 33.Bg7 Rd2 
34.Rc4 Ne2+ 35.Kf1 Ng3+ 36.Kg1 Nf5 37.Rxg4 Nxg7 38.Rxg6 Nh5 39.Bf3 Nf4 40.
Rg7+ Kd6 41.Rxb7 Nh3+ 42.Kh1 Nf2+ 43.Kg2 Nd3+ 44.Kg3 Rxb2 45.Rxa7 Nb4 46.
a3 Nc2 47.Kf4 Ra2 48.a4 Nd4 49.Bh5 Kc5 50.Bf7 Kb6 51.Bxa2 Kxa7 52.Ke5 Nc6+
53.Kd6 Kb6 54.Bd5 Nb4 55.Bc4 Na6 56.Bxa6 Kxa6 1/2-1/2

[Event "30th Rilton Cup"]
[Site "Stockholm SWE"]
[Date "2001.01.04"]
[Round "8.8"]
[White "Ahlander, Bjoern"]
[Black "Brynell, Stellan"]
[Result "1-0"]
[WhiteElo "2424"]
[BlackElo "2473"]
[EventDate "2000.12.27"]
[PlyCount "71"]

1.d4 e6 2.c4 Nf6 3.Nc3 Bb4 4.e3 b6 5.Bd3 Bb7 6.Nf3 Ne4 7.Bd2 Bxc3 8.Bxc3 
O-O 9.Bb4 d6 10.O-O f5 11.Nd2 a5 12.Ba3 Nd7 13.f3 Nxd2 14.Qxd2 c5 15.b3 
Qe7 16.Bb2 Rad8 17.Rad1 Qg5 18.Bb1 Nb8 19.Kh1 Rfe8 20.Rfe1 Kh8 21.Qf2 Nc6 
22.f4 Qg6 23.d5 exd5 24.cxd5 Nb8 25.e4 fxe4 26.f5 Qf7 27.f6 g6 28.Bxe4 Kg8
29.Qg3 Na6 30.h4 Nc7 31.h5 Rxe4 32.Rxe4 Nxd5 33.Rde1 Nxf6 34.hxg6 hxg6 35.
Re7 Nh5 36.Qc3 1-0

[Event "30th Rilton Cup"]
[Site "Stockholm SWE"]
[Date "2001.01.04"]
[Round "8.11"]
[White "Ramesh, Ramachandran"]
[Black "Dworakowska, Joanna"]
[Result "1-0"]
[WhiteElo "2466"]
[BlackElo "2347"]
[EventDate "2000.12.27"]
[PlyCount "65"]

1.e4 c5 2.Nf3 e6 3.d4 cxd4 4.Nxd4 Qb6 5.Nb3 a6 6.Bd3 Qc7 7.O-O Nf6 8.c4 d6
9.Nc3 Nbd7 10.f4 Be7 11.Kh1 b6 12.Qe2 Bb7 13.Bd2 h5 14.f5 Ne5 15.Nd4 Kd7 
16.Rac1 Nfg4 17.b4 Rac8 18.Na4 Bf6 19.fxe6+ fxe6 20.Nf3 Ke7 21.Nxe5 Nxe5 
22.Be3 Qc6 23.Nxb6 Rcd8 24.b5 Qe8 25.Bb1 h4 26.c5 axb5 27.cxd6+ Kf8 28.Rc7
Ba6 29.Ra7 h3 30.g4 Kg8 31.g5 Bxg5 32.Bxg5 Qc6 33.Bxd8 1-0

[Event "30th Rilton Cup"]
[Site "Stockholm SWE"]
[Date "2001.01.04"]
[Round "8.12"]
[White "Handke, Florian"]
[Black "Bergstroem, Rolf"]
[Result "1-0"]
[WhiteElo "2455"]
[BlackElo "2308"]
[EventDate "2000.12.27"]
[PlyCount "83"]

1.e4 d6 2.d4 Nf6 3.Bd3 e5 4.c3 d5 5.dxe5 Nxe4 6.Nf3 Nc5 7.Bc2 Bg4 8.O-O 
Nc6 9.Re1 Qd7 10.Nbd2 d4 11.Ne4 dxc3 12.Qxd7+ Nxd7 13.Neg5 Bb4 14.e6 fxe6 
15.Nxe6 Bxe6 16.Rxe6+ Kf8 17.bxc3 Bd6 18.Rb1 Nc5 19.Re1 Re8 20.Be3 Ne5 21.
Nxe5 Rxe5 22.Bd4 Rxe1+ 23.Rxe1 Kf7 24.g4 Rd8 25.Kg2 Nd7 26.Bb3+ Kf8 27.Re3
Nf6 28.Rf3 Ke7 29.g5 Nh5 30.Rf7+ Ke8 31.Bxg7 a5 32.a4 Bf4 33.Rf8+ Ke7 34.
Rxd8 Kxd8 35.Bh6 Bd2 36.Kf3 Bxc3 37.Bg8 b5 38.axb5 a4 39.Bxh7 a3 40.Bb1 
Ng7 41.Bxg7 Bxg7 42.h4 1-0

[Event "30th Rilton Cup"]
[Site "Stockholm SWE"]
[Date "2001.01.04"]
[Round "8.13"]
[White "Molander, Riku"]
[Black "Ornstein, Axel"]
[Result "0-1"]
[WhiteElo "2303"]
[BlackElo "2426"]
[EventDate "2000.12.27"]
[PlyCount "38"]

1.e4 e5 2.f4 exf4 3.Bc4 Nf6 4.Nc3 Bb4 5.e5 d5 6.Bb5+ c6 7.exf6 cxb5 8.fxg7
Rg8 9.Qh5 Rxg7 10.Nxd5 Nc6 11.Nxb4 Qe7+ 12.Kf2 Nxb4 13.Qxb5+ Bd7 14.Qe2 
Nxc2 15.Rb1 Be6 16.b4 Nd4 17.Qe4 Rxg2+ 18.Kxg2 Bh3+ 19.Nxh3 Qxe4+ 0-1

[Event "30th Rilton Cup"]
[Site "Stockholm SWE"]
[Date "2001.01.04"]
[Round "8.18"]
[White "Kekki, Petri"]
[Black "Hillarp Persson, Tiger"]
[Result "1/2-1/2"]
[WhiteElo "2308"]
[BlackElo "2520"]
[EventDate "2000.12.27"]
[PlyCount "98"]

1.d4 d5 2.c4 c6 3.e3 e6 4.Nd2 Nh6 5.Bd3 f5 6.f4 Nd7 7.Ngf3 Bd6 8.O-O Nf6 
9.Ne5 Bxe5 10.fxe5 Ne4 11.Bxe4 fxe4 12.Qh5+ Kd7 13.cxd5 cxd5 14.b3 Qe8 15.
Qe2 Kd8 16.Ba3 Bd7 17.Rfc1 Bb5 18.Qe1 Nf5 19.Rc2 h5 20.Rac1 Bc6 21.Nf1 a5 
22.Bc5 Qg6 23.b4 axb4 24.Qxb4 h4 25.Bd6 h3 26.g3 Rc8 27.Qb6+ Ke8 28.Rxc6 
Rxc6 29.Rxc6 bxc6 30.Qb8+ Kf7 31.Qxh8 Qg4 32.Bb4 Qf3 33.Qxh3 Nxe3 34.Bd2 
Nf5 35.Qg2 Qd3 36.Qf2 Ke8 37.Be3 c5 38.g4 Nxd4 39.Bxd4 cxd4 40.Qh4 Kd7 41.
Qh8 e3 42.Qxg7+ Kc6 43.Qe7 e2 44.Qxe6+ Kb5 45.Qxd5+ Kb4 46.Qd6+ Ka4 47.
Qc6+ Kb4 48.Qd6+ Ka4 49.Qc6+ Kb4 1/2-1/2

[Event "30th Rilton Cup"]
[Site "Stockholm SWE"]
[Date "2001.01.04"]
[Round "8.22"]
[White "Hermansson, Emil"]
[Black "Aaberg, Anton"]
[Result "0-1"]
[WhiteElo "2379"]
[BlackElo "2300"]
[EventDate "2000.12.27"]
[PlyCount "86"]

1.e4 c6 2.d4 d5 3.Nd2 dxe4 4.Nxe4 Nd7 5.Ng5 Ngf6 6.Bd3 e6 7.N1f3 Bd6 8.Qe2
h6 9.Ne4 Nxe4 10.Qxe4 Qc7 11.Qg4 Kf8 12.O-O c5 13.c3 b6 14.Qh4 Bb7 15.Be4 
Be7 16.Bg5 Bxg5 17.Nxg5 Kg8 18.Bxb7 hxg5 19.Qxh8+ Kxh8 20.Bxa8 cxd4 21.
cxd4 Nf6 22.Rad1 Qc8 23.Bf3 g4 24.Rc1 Qa6 25.Ba8 Qxa2 26.Ra1 Qxb2 27.Rxa7 
Kg8 28.d5 exd5 29.Raa1 b5 30.Rad1 Qa2 31.Ra1 Qb3 32.Rfb1 Qc3 33.Rc1 Qe5 
34.Rab1 Ne4 35.Rxb5 Nc3 36.Rb2 d4 37.Kf1 d3 38.g3 Qa5 39.Bg2 Qa3 40.Rcb1 
Nxb1 41.Rb8+ Kh7 42.Rxb1 f5 43.Rd1 Qc3 0-1

[Event "30th Rilton Cup"]
[Site "Stockholm SWE"]
[Date "2001.01.04"]
[Round "8.23"]
[White "Eriksson, Anders"]
[Black "Olausson, Claes-Goeran"]
[Result "0-1"]
[WhiteElo "2354"]
[BlackElo "2253"]
[EventDate "2000.12.27"]
[PlyCount "96"]

1.d4 d5 2.c4 c6 3.Nf3 Nf6 4.Nc3 dxc4 5.a4 Bf5 6.Ne5 e6 7.f3 Bb4 8.e4 Bxe4 
9.fxe4 Nxe4 10.Bd2 Qxd4 11.Nxe4 Qxe4+ 12.Qe2 Bxd2+ 13.Kxd2 Qd5+ 14.Kc2 Na6
15.Nxc4 O-O 16.Qe5 Rab8 17.Be2 f6 18.Qxd5 cxd5 19.Na5 Rfc8+ 20.Kb3 b6 21.
Nb7 Nc5+ 22.Nxc5 bxc5+ 23.Kc2 c4 24.Rhd1 Rb4 25.Rd2 Rcb8 26.Ra2 Kf7 27.Bd1
Ke7 28.Kc1 Kd6 29.Ra3 g6 30.Rh3 R8b7 31.g4 Rf7 32.Rf3 e5 33.b3 e4 34.Rc3 
Ke5 35.bxc4 d4 36.Rb3 Rxc4+ 37.Kb2 Rfc7 38.Rb5+ R4c5 39.Rb8 d3 40.Re8+ Kd4
41.Rf2 Rb7+ 42.Bb3 Ke3 43.Rg2 f5 44.gxf5 gxf5 45.Rg1 Rc2+ 46.Ka3 Rc3 47.
Rb1 d2 48.Rd8 Ke2 0-1

[Event "30th Rilton Cup"]
[Site "Stockholm SWE"]
[Date "2001.01.04"]
[Round "8.25"]
[White "Skytte, Rasmus"]
[Black "Jiretorn, Eva"]
[Result "1-0"]
[WhiteElo "2342"]
[BlackElo "2107"]
[EventDate "2000.12.27"]
[PlyCount "129"]

1.e4 c5 2.c3 d5 3.exd5 Qxd5 4.d4 Nf6 5.Nf3 Nc6 6.dxc5 Qxd1+ 7.Kxd1 e5 8.b4
Bf5 9.Be3 O-O-O+ 10.Kc1 Nd5 11.Kb2 f6 12.Bc4 Be7 13.Nbd2 g5 14.h3 h5 15.
Rad1 Kb8 16.a4 Nxe3 17.fxe3 g4 18.Nh4 Bh7 19.e4 a5 20.b5 Na7 21.hxg4 hxg4 
22.Nf5 Bxf5 23.Rxh8 Rxh8 24.exf5 Rd8 25.Be2 Bxc5 26.Bxg4 b6 27.Kc2 Nc8 28.
Bf3 Kc7 29.Rh1 Nd6 30.g4 Be3 31.Ne4 Nxe4 32.Bxe4 Rd7 33.Rh3 Bg5 34.Rh8 Rd8
35.Rh3 Rd6 36.Bc6 Rd2+ 37.Kb3 Rd1 38.Rh7+ Kc8 39.Kc4 Be3 40.Re7 Rd2 41.Re6
Bg5 42.Bd5 Be3 43.Rxf6 Bc5 44.g5 Ra2 45.Be6+ Kd8 46.g6 Rxa4+ 47.Kd5 Rg4 
48.Rf7 e4 49.f6 Rxg6 50.Rd7+ Ke8 51.f7+ Kf8 52.Rd8+ Kg7 53.Rg8+ Kh6 54.
f8=Q+ Bxf8 55.Rxf8 e3 56.Rf3 Rg5+ 57.Kd6 Rxb5 58.Rxe3 Kg7 59.c4 Rb2 60.Bd7
Rf2 61.Bb5 Kf7 62.Kc7 Rf6 63.Bc6 Rf4 64.Kxb6 a4 65.Bxa4 1-0

[Event "30th Rilton Cup"]
[Site "Stockholm SWE"]
[Date "2001.01.04"]
[Round "8.26"]
[White "Eriksson, Jonas"]
[Black "Medvegy, Nora"]
[Result "1-0"]
[WhiteElo "2234"]
[BlackElo "2339"]
[EventDate "2000.12.27"]
[PlyCount "101"]

1.d4 Nf6 2.Nc3 d5 3.Bg5 c5 4.e4 Nxe4 5.Nxe4 dxe4 6.d5 Qb6 7.Ne2 g6 8.Nc3 
Bg7 9.Rb1 Nd7 10.Nxe4 Qb4+ 11.Nd2 Nf6 12.c3 Qb6 13.Nc4 Qd8 14.Ne3 O-O 15.
Be2 Ne4 16.Bh4 Nd6 17.O-O b5 18.Re1 a6 19.Bf3 Ra7 20.Qe2 h6 21.g4 Qb6 22.
Bg3 a5 23.Qc2 a4 24.Be2 b4 25.h4 b3 26.axb3 axb3 27.Qd1 Ne4 28.Bd3 Nxg3 
29.fxg3 Qb8 30.Qf3 e6 31.h5 exd5 32.Nxd5 Bb7 33.c4 Bxd5 34.cxd5 Ra2 35.Re2
Qb4 36.Kh1 c4 37.Be4 Qd6 38.Kg2 Kh8 39.Kh3 f5 40.gxf5 gxf5 41.Bxf5 c3 42.
Re6 c2 43.Rf1 Qc5 44.Qf4 Rxf5 45.Rxh6+ Bxh6 46.Qxh6+ Kg8 47.Qe6+ Kh8 48.
Rxf5 Ra7 49.Qh6+ Kg8 50.Rg5+ Kf7 51.Qe6+ 1-0